Normal view
MARC view
Entry Personal Name
001 - CONTROL NUMBER
- control field: 14951
003 - CONTROL NUMBER IDENTIFIER
- control field: OSt
005 - DATE AND TIME OF LATEST TRANSACTION
- control field: 20151015125615.0
008 - FIXED-LENGTH DATA ELEMENTS
- fixed length control field: 151015|| aca||aabn | a|a d
040 ## - CATALOGING SOURCE
- Original cataloging agency: OSt
- Transcribing agency: OSt
100 ## - HEADING--PERSONAL NAME
- Personal name: Satarawala, Kaikous Burjor
670 ## - SOURCE DATA FOUND
- Source citation: Work cat.: (OSt)15287: Satarawala, Kaikous Burjor, Indira Goswami (Mamoni Raisom Goswami) & Her Fictional WorldT̜he Search For The Sea, 2002









